01066cam a2200277 i 450000100060000000300080000600500170001400800410003103500190007204000320009104100080012308200280013110000300015924500640018926000520025330000240030549000630032950400260039265000530041865000580047183000200052983000760054994200120062599900170063795201340065414192BD-RjUL20211208235603.0140205s1955 pk b 000 0 eng d a(BD-RjUL)14244 aDLCcDLCdDLCdBD-RjULbeng aeng00a631.450954914bANS 19551 aAnwar, Abdul Aziz.94432210aSoil Erosion in the Punjab /csurveyed by Abdul Aziz Anwar. aPunjab. :bThe Board of Ecinimy Inquiry,c1955. aiv, 91 p. ;c25 cm.1 aBoard of Economic Inquiry, Punjab. Publication ; vno. 111 aBibliography: p. [89] 0aSoil erosionzPakistanzPunjab (Province)944323 0aSoil conservationzPakistanzPunjab (Province)944324 0vno. 111.944853 0aPublication (Board of Economic Inquiry, West Pakistan, Lahore) ;944854 2ddccBK c14192d14192 00102ddc40718NFICaRUCLbRUCLcReadingd1956-04-10eGiftl0o631.450954914 ANS 1955r2014-02-05 00:00:00tC-1w2021-12-08yBK